Tom Petty or Bruce Springsteen? - Statistics

General Stats
  • This quiz has been taken 68 times
  • The average score is 16 of 17
Answers on the Grid
Answers color-coded by a green-red scale on the quiz's grid according to % correct below.
Breakdown
Don't Do Me Like That
Glory Days
Refugee
Pink Cadillac
Thunder Road
American Girl
Here Comes My Girl
Brilliant Disguise
You Got Lucky
Don't Come Around Here No More
Tenth Avenue Freeze-Out
I Won't Back Down
Free Fallin'
Rosalita
Yer So Bad
Into the Great Wide Open
Running Down a Dream
You Wreck Me
You Don't Know How it Feels
Badlands
The Waiting
Even the Losers
Mary Jane's Last Dance
 
Answer Stats
Answer % Correct
Free Fallin'
97%
American Girl
95%
Breakdown
95%
Don't Do Me Like That
95%
I Won't Back Down
95%
Mary Jane's Last Dance
95%
Running Down a Dream
95%
Don't Come Around Here No More
93%
Here Comes My Girl
93%
Refugee
93%
You Don't Know How it Feels
93%
You Got Lucky
92%
Into the Great Wide Open
90%
The Waiting
90%
Yer So Bad
90%
You Wreck Me
90%
Even the Losers
88%
No matching quizzes found
Score Distribution
Percent of People with Each Score
Percentile by Number Answered
Your Score History
You have not taken this quiz